[Event "AUT-ch"]
[Site "St Johann im Pongau"]
[Date "2016.07.28"]
[Round "6"]
[White "Ehs, Christian"]
[Black "Danner, Georg"]
[Result "1/2-1/2"]
[WhiteElo "1984"]
[BlackElo "2338"]
[PlyCount "74"]
[EventDate "2016.07.23"]
[EventType "swiss"]
[EventRounds "9"]
[EventCountry "AUT"]
[SourceTitle "CBM 173 Extra"]
[Source "ChessBase"]
[SourceDate "2016.08.29"]
[SourceVersion "1"]
[SourceVersionDate "2016.08.29"]
[SourceQuality "1"]

1. c4 c5 2. Nc3 g6 3. Nf3 Bg7 4. d4 cxd4 5. Nxd4 Nc6 6. Nxc6 bxc6 7. e4 Rb8 8. Qc2 d6 9. Be2 Nf6 10. 0-0 0-0 11. Be3 Qa5 12. Bd2 Qb6 13. b3 Nd7 14. Na4 Qd8 15. Rad1 c5 16. Bc3 Bxc3 17. Nxc3 Ne5 18. f4 Nc6 19. Qd2 Qa5 20. f5 Rb7 21. Rf3 Ne5 22. Rh3 f6 23. Qh6 Rf7 24. fxg6 Nxg6 25. Rg3 Rg7 26. h4 e5 27. Nd5 Qd8 28. Rf1 Rbf7 29. Bh5 f5 30. Bxg6 hxg6 31. Rxg6 Rxg6 32. Qxg6+ Rg7 33. Nf6+ Kf8 34. Nh7+ Kg8 35. Nf6+ Kf8 36. Nh7+ Kg8 37. Nf6+ Kf8 1/2-1/2

[Event "Latschach op 30th"]
[Site "Latschach"]
[Date "2014.08.16"]
[Round "9"]
[White "Strobel, Matthias"]
[Black "Ehs, Christian"]
[Result "1-0"]
[WhiteElo "2107"]
[BlackElo "1985"]
[PlyCount "81"]
[EventDate "2014.08.09"]
[EventType "swiss"]
[EventRounds "9"]
[EventCountry "AUT"]
[SourceTitle "CBM 161 Extra"]
[Source "ChessBase"]
[SourceDate "2014.08.29"]
[SourceVersion "1"]
[SourceVersionDate "2014.08.29"]
[SourceQuality "1"]

1. d4 Nf6 2. c4 g6 3. Nc3 Bg7 4. Nf3 d6 5. Bg5 0-0 6. e3 c6 7. Be2 Nbd7 8. 0-0 e5 9. dxe5 dxe5 10. b4 Qc7 11. Nd2 h6 12. Bh4 g5 13. Bg3 Rd8 14. h4 Nf8 15. Qc2 Be6 16. hxg5 hxg5 17. Nf3 N6h7 18. Nd4 Qe7 19. Nxe6 Nxe6 20. Bd3 Nhf8 21. Rab1 Rd7 22. Bf5 Rad8 23. Ne4 b6 24. Qb2 Nf4 25. Bxd7 Nd3 26. Qb3 Rxd7 27. Rfd1 Qd8 28. Rd2 f5 29. c5+ Kh8 30. Nd6 e4 31. Nf7+ Rxf7 32. Qxf7 f4 33. exf4 Qd4 34. cxb6 axb6 35. fxg5 e3 36. Re2 exf2+ 37. Bxf2 Nxf2 38. Rxf2 Qe4 39. Rb3 Ng6 40. Rh3+ Nh4 41. g3 1-0

[Event "Niederoesterreich Landesliga 1213"]
[Site "Austria"]
[Date "2012.09.30"]
[Round "1"]
[White "Woeber, Friedrich"]
[Black "Ehs, Christian"]
[Result "1-0"]
[WhiteElo "2166"]
[BlackElo "1923"]
[PlyCount "69"]
[EventDate "2012.09.30"]
[EventType "team-tourn"]
[EventRounds "7"]
[EventCountry "AUT"]
[SourceTitle "EXT 2022"]
[Source "ChessBase"]
[SourceDate "2021.10.06"]
[SourceVersion "1"]
[SourceVersionDate "2021.10.06"]
[SourceQuality "1"]

1. e4 e5 2. Bc4 Nf6 3. d4 Nxe4 4. dxe5 Be7 5. Qd5 0-0 6. Qxe4 c6 7. Bd3 g6 8. Nf3 d5 9. Qf4 Re8 10. 0-0 Bf8 11. c4 Bg7 12. Nc3 Be6 13. cxd5 cxd5 14. Bd2 Nc6 15. Rae1 a6 16. h4 h6 17. Qg3 Qd7 18. h5 g5 19. Nxg5 hxg5 20. Bxg5 Bg4 21. f4 Bxh5 22. Bf6 Qg4 23. Qxg4 Bxg4 24. Nxd5 Red8 25. Bxd8 Rxd8 26. Be4 Kf8 27. Ne3 Be6 28. b3 Rd2 29. Rf2 Rd4 30. Bxc6 bxc6 31. Rc1 Re4 32. Nc4 Bh6 33. g3 Bd5 34. Nb6 Rxe5 35. Nd7+ 1-0

[Event "Niederoesterreich Landesliga 1112"]
[Site "Austria"]
[Date "2011.11.27"]
[Round "5"]
[White "Woeber, Friedrich"]
[Black "Ehs, Christian"]
[Result "1/2-1/2"]
[WhiteElo "2131"]
[BlackElo "1881"]
[PlyCount "33"]
[EventDate "2011.09.18"]
[EventType "team-tourn"]
[EventRounds "11"]
[EventCountry "AUT"]
[SourceTitle "EXT 2022"]
[Source "ChessBase"]
[SourceDate "2021.10.06"]
[SourceVersion "1"]
[SourceVersionDate "2021.10.06"]
[SourceQuality "1"]

1. e4 e5 2. Nf3 Nf6 3. Bc4 Nxe4 4. Nc3 Nxc3 5. dxc3 c6 6. Nxe5 d5 7. Qe2 Be7 8. Bd3 0-0 9. 0-0 Nd7 10. Bf4 Nc5 11. Rfe1 Nxd3 12. cxd3 Bf6 13. Ng4 Be6 14. Qf3 Re8 15. Nxf6+ Qxf6 16. Re5 Bd7 17. Qg3 1/2-1/2